000 00502nam a2200217Ia 4500
005 20250425161147.0
008 250425s9999 xx 000 0 und d
041 _aspa
082 _a516.3
100 _aLEHMANN, CHARLES H.
245 0 _aGEOMETRIA ANALITICA
250 _a1A ED.
260 _aMEXICO
260 _aMéxico
_bUTEHA/HISPANOA-AMERICA
_c1968
300 _a494
650 _aECUACIONES
650 _aGEOMETRIA ANALITICA
650 _aGRAFICOS
942 _c01
010 _a14040
999 _c203615
_d203615